000 00294nam a22001337a 4500
008 170608b xxu||||| |||| 00| 0 eng d
020 _a2900521603958
041 _aeng
080 _22ND
_a32
100 _a18
101 _aSHP
245 _aCOMPARATIVE POLITICS
_cKOPSTEIN,J
942 _2udc
_cBK
999 _c16464
_d16464